000 00281nam a2200109Ia 4500
008 200302s9999 xx 000 0 und d
100 _aRoy Cresswell
245 _aQuality in Urban Planning and Design
260 _bNewnes-Butterworths & Co. Ltd.
260 _c1979
300 _a158 P.,
999 _c5231
_d5231